Stadt an der March, (Record no. 6000)

MARC details
000 -LEADER
fixed length control field 00681cam a22002171 4500
001 - CONTROL NUMBER
control field af 48004350
003 - CONTROL NUMBER IDENTIFIER
control field DLC
005 - DATE AND TIME OF LATEST TRANSACTION
control field 20260227110907.0
008 - FIXED-LENGTH DATA ELEMENTS--GENERAL INFORMATION
fixed length control field 890503s1944 cs a 000 0 ger c
010 ## - LIBRARY OF CONGRESS CONTROL NUMBER
LC control number af 48004350
035 ## - SYSTEM CONTROL NUMBER
System control number (OCoLC)19652279
040 ## - CATALOGING SOURCE
Original cataloging agency Pennsylvania. Univ. Libr.
Transcribing agency CU
Modifying agency DLC
042 ## - AUTHENTICATION CODE
Authentication code premarc
050 00 - LIBRARY OF CONGRESS CALL NUMBER
Classification number PT2621.R566
Item number S8 1944
100 1# - MAIN ENTRY--PERSONAL NAME
Personal name Krick, Julius,
Dates associated with a name 1869-1939.
245 10 - TITLE STATEMENT
Title Stadt an der March,
Remainder of title alt-Olmützer Geschichten.
Statement of responsibility, etc. Mit einer Einfrührung von Richard Zimprich. Bilder von Rudolf Mather.
250 ## - EDITION STATEMENT
Edition statement 2. Aufl.
260 ## - PUBLICATION, DISTRIBUTION, ETC.
Place of publication, distribution, etc. Olmütz,
Name of publisher, distributor, etc. L. Kullil,
Date of publication, distribution, etc. 1944.
300 ## - PHYSICAL DESCRIPTION
Extent xix, 284 p.
Other physical details illus.
Dimensions 20 cm.
700 1# - ADDED ENTRY--PERSONAL NAME
Personal name Zimprich, Richard,
Relator term ed.

No items available.

Powered by Koha